[Event "GER-ch U10 Girls"]
[Site "Willingen"]
[Date "2018.05.25"]
[Round "9"]
[White "Praus, Pia Rosa"]
[Black "Bone, Annalena"]
[Result "1-0"]
[WhiteElo "1055"]
[BlackElo "990"]
[PlyCount "105"]
[EventDate "2018.05.19"]
[EventType "swiss"]
[EventRounds "11"]
[EventCountry "GER"]
[SourceTitle "CBM 184 Extra"]
[Source "ChessBase"]
[SourceDate "2018.06.28"]
[SourceVersion "1"]
[SourceVersionDate "2018.06.28"]
[SourceQuality "1"]

1. d4 d5 2. Bf4 Nf6 3. e3 c5 4. c3 Nc6 5. Nd2 Bf5 6. Ngf3 Qb6 7. Qc1 e6 8. Be2 Be7 9. Ne5 cxd4 10. exd4 0-0 11. Ndf3 Nh5 12. Nd7 Qd8 13. Nxf8 Bxf8 14. Ne5 Nxe5 15. Bxe5 Nf6 16. Bxf6 Qxf6 17. h4 Rc8 18. g4 Be4 19. f3 Bxf3 20. Rf1 Qxh4+ 21. Kd1 Bg2 22. Re1 Bd6 23. Qd2 Qf6 24. Bd3 Bf4 25. Qxg2 Qh4 26. Rh1 Qg5 27. Rxh7 f5 28. Rh5 Qg6 29. Rh4 Qg5 30. Qh3 Kf7 31. gxf5 Qg1+ 32. Qf1 Qxf1+ 33. Bxf1 exf5 34. Rxf4 g6 35. Bg2 Ke6 36. Kc2 Kd6 37. Re1 Rh8 38. Re5 Rh2 39. Rxd5+ Ke6 40. Re5+ Kf6 41. Rf2 Kg5 42. Rfe2 Rh4 43. Bxb7 Kf6 44. d5 Rh7 45. Bc6 Rh8 46. d6 Rd8 47. d7 a5 48. Re8 Rxe8 49. dxe8Q Kg5 50. Qe7+ Kg4 51. Qe3 Kh4 52. Qf4+ Kh3 53. Rh2# 1-0

[Event "GER-ch U10 Girls"]
[Site "Willingen"]
[Date "2018.05.24"]
[Round "8"]
[White "Bone, Annalena"]
[Black "Scheerer, Amelie"]
[Result "1-0"]
[WhiteElo "990"]
[BlackElo "957"]
[PlyCount "45"]
[EventDate "2018.05.19"]
[EventType "swiss"]
[EventRounds "11"]
[EventCountry "GER"]
[SourceTitle "CBM 184 Extra"]
[Source "ChessBase"]
[SourceDate "2018.06.28"]
[SourceVersion "1"]
[SourceVersionDate "2018.06.28"]
[SourceQuality "1"]

1. e4 e5 2. Nf3 Nc6 3. Bc4 Bc5 4. c3 Nf6 5. d4 exd4 6. cxd4 Bb4+ 7. Nc3 Nxe4 8. 0-0 Bxc3 9. d5 Na5 10. Bd3 Bf6 11. Bxe4 0-0 12. Bd2 b6 13. Rb1 Ba6 14. Re1 Re8 15. d6 c6 16. Qc2 g6 17. Bh6 Be5 18. Bg5 f6 19. Bh6 f5 20. Nxe5 Rxe5 21. Qc3 Qe8 22. Bd5+ cxd5 23. Rxe5 1-0

[Event "GER-ch U10 Girls"]
[Site "Willingen"]
[Date "2018.05.20"]
[Round "2"]
[White "Bone, Annalena"]
[Black "Jacobs, Linda Regina"]
[Result "1-0"]
[WhiteElo "990"]
[BlackElo "793"]
[PlyCount "55"]
[EventDate "2018.05.19"]
[EventType "swiss"]
[EventRounds "11"]
[EventCountry "GER"]
[SourceTitle "CBM 184 Extra"]
[Source "ChessBase"]
[SourceDate "2018.06.28"]
[SourceVersion "1"]
[SourceVersionDate "2018.06.28"]
[SourceQuality "1"]

1. e4 e5 2. Nf3 Nc6 3. Bc4 Nd4 4. Nxd4 exd4 5. c3 Qe7 6. d3 dxc3 7. Nxc3 d6 8. 0-0 Nf6 9. h3 d5 10. Nxd5 Nxd5 11. exd5 Qe5 12. Re1 Bd6 13. Rxe5+ Bxe5 14. Qe1 f6 15. d4 0-0 16. dxe5 Re8 17. Bf4 Bf5 18. d6+ Be6 19. Rc1 cxd6 20. exd6 Bxc4 21. Qc3 Rac8 22. d7 Rf8 23. dxc8Q Rxc8 24. Qg3 b5 25. Bh6 Rc7 26. Qxc7 Kf8 27. Rd1 Be6 28. Rd8# 1-0